|
|
|
|
| LEADER |
01744nam a2200289 a 4500 |
| 001 |
7337293 |
| 003 |
BD-DhAAL |
| 008 |
100208s19651895enk 000 0 eng d |
| 010 |
|
|
|a 28028219
|
| 040 |
|
|
|a DLC
|c LLafS
|d DLC
|d BD-DhAAL
|
| 082 |
0 |
0 |
|a 516.16
|2 16
|
| 100 |
1 |
|
|a Loney, S. L.
|q (Sidney Luxton),
|d 1860-1939.
|9 56898
|
| 245 |
1 |
4 |
|a The elements of coordinate geometry,
|c by S. L. Loney.
|
| 264 |
|
|
|a London ;
|b New York :
|b Macmillan and co., limited,
|c 1895 [reprinted 1965].
|
| 300 |
|
|
|a ix, 228 pages :
|b diagrs. ;
|c 21 cm.
|
| 500 |
|
|
|a First edition of part I published 1895; reprinted with corrections 1896; reprinted 1927.
|
| 505 |
0 |
|
|a pt. I. Cartesian coordinates.--pt. II. Trilinear coordinates, etc.
|
| 541 |
|
|
|e 00010398
|
| 650 |
|
0 |
|a Coordinates.
|9 56899
|
| 852 |
4 |
|
|a Ayesha Abed Library
|j General shelf
|
| 942 |
0 |
0 |
|0 1
|2 ddc
|c BK
|
| 999 |
|
|
|c 7362
|d 7362
|
| 952 |
|
|
|0 0
|1 3
|2 ddc
|4 0
|6 516_160000000000000_LON
|7 0
|9 7855
|a BRACUL
|b BRACUL
|c GEN
|d 2010-02-08
|g 130.00
|l 1
|m 2
|o 516.16 LON
|p 3010010398
|r 2013-05-07
|s 2010-04-08
|t 1
|w 2010-02-08
|y BK
|
| 952 |
|
|
|0 0
|1 0
|2 ddc
|4 1
|6 516_000000000000000__16_LON_1965
|7 0
|9 8948
|a BRACUL
|b BRACUL
|c SPS
|d 2010-04-04
|l 3
|m 10
|o 516.16 LON
|p 3010010397
|r 2016-04-11
|s 2016-04-04
|t 2
|w 2010-04-04
|y BK
|
| 952 |
|
|
|0 0
|1 0
|2 ddc
|4 1
|6 516_000000000000000__16_LON_1965
|7 0
|9 9004
|a BRACUL
|b BRACUL
|c SPS
|d 2010-04-06
|l 5
|m 4
|o 516.16 LON
|p 3010010396
|r 2019-04-07
|s 2019-04-01
|t 3
|w 2010-04-06
|y BK
|
| 952 |
|
|
|0 0
|1 0
|2 ddc
|4 1
|6 516_000000000000000__16_LON_1965
|7 0
|9 9042
|a BRACUL
|b BRACUL
|c SPS
|d 2010-04-07
|l 12
|m 30
|o 516.16 LON
|p 3010010394
|r 2019-08-22
|s 2019-07-07
|t 4
|w 2010-04-07
|y BK
|
| 952 |
|
|
|0 0
|1 0
|2 ddc
|4 1
|6 516_000000000000000__16_LON_1995
|7 0
|9 16080
|a BRACUL
|b BRACUL
|c SPS
|d 2011-04-16
|l 7
|m 15
|o 516.16 LON
|p 3010010395
|r 2016-04-13
|s 2016-04-03
|t 5
|w 2011-04-16
|y BK
|